000 01117nam a2200313Ia 4500
003 OSt
005 20221007121013.0
006 a|||||r|||| 00| 0
007 ta
008 221006b |||||||| |||| 00| 0 eng d
020 _a9780321540980 (pbk)
024 _a84745
037 _b941, 05/08/2009, Zenith Publishers & Distributors
_cTextbook
040 _aBDL
_cBDL
_beng
041 _2eng
_aeng
082 _aG:6, N7;P9;1 Carb
100 _aKlug William S
245 0 _aConcepts of genetics
_b Cummings Michael R Spencer Charlotte A Palladino Michael A
250 _a9
260 _aSan
_bFrancisco Benjamin Cummings
_c2009
300 _axxx, 779p.
_ccm.
500 _aAppendix A-C, A-1-A-66p.; Index I-1-I-16p.
650 _aGenetics-concepts
_9710462
700 _a Cummings Michael R
_9421078
700 _a Palladino Michael A
700 _a Spencer Charlotte A
942 _hG:6, N7;P9;1 Carb
_cTB
_2CC
999 _c1208304
_d1208304